Szent-Györgyi Albert embermentő levelei
Elmentve itt :
| Szerző: | |
|---|---|
| Dokumentumtípus: | Cikk |
| Megjelent: |
2016
|
| Sorozat: | MAGYAR NEMZET
79 No. 184 |
| mtmt: | 3109152 |
| Online Access: | http://publicatio.bibl.u-szeged.hu/9660 |
| LEADER | 00610nab a2200181 i 4500 | ||
|---|---|---|---|
| 001 | publ9660 | ||
| 005 | 20200115113653.0 | ||
| 008 | 160928s2016 hu o 0|| zxx d | ||
| 022 | |a 0133-185X | ||
| 024 | 7 | |a 3109152 |2 mtmt | |
| 040 | |a SZTE Publicatio Repozitórium |b hun | ||
| 041 | |a zxx | ||
| 100 | 2 | |a Tasiné Csúcs Ildikó Mária | |
| 245 | 1 | 0 | |a Szent-Györgyi Albert embermentő levelei |h [elektronikus dokumentum] / |c Tasiné Csúcs Ildikó Mária |
| 260 | |c 2016 | ||
| 300 | |a 27-27 | ||
| 490 | 0 | |a MAGYAR NEMZET |v 79 No. 184 | |
| 856 | 4 | 0 | |u http://publicatio.bibl.u-szeged.hu/9660/1/szgya_magyar_nemzet.pdf |z Dokumentum-elérés |